Proyecto de Reglamento Orgánico del Cuerpo de Ingenieros de Minas [ (Record no. 172243)
[ view plain ]
| 000 -LEADER | |
|---|---|
| campo de control de longitud fija | 00617ntm a2200181 i 4500 |
| 001 - NÚMERO DE CONTROL | |
| campo de control | 172243 |
| 003 - IDENTIFICADOR DE NÚMERO DE CONTROL | |
| campo de control | ES-MaACL |
| 005 - FECHA Y HORA DE LA ÚLTIMA TRANSACCIÓN | |
| campo de control | 20230906214841.0 |
| 008 - DATOS DE LONGITUD FIJA--INFORMACIÓN GENERAL | |
| campo de control de longitud fija | 090619q18871900sp |||| | spa d |
| 245 00 - MENCIÓN DEL TÍTULO | |
| Título | Proyecto de Reglamento Orgánico del Cuerpo de Ingenieros de Minas [ |
| Medio | Manuscrito]. |
| 260 ## - PUBLICACIÓN, DISTRIBUCIÓN, ETC. | |
| Fecha de publicación, distribución, etc. | S.XIX. |
| 300 ## - DESCRIPCIÓN FÍSICA | |
| Extensión | 79 h. ; |
| Dimensiones | 33 x 24 cm. |
| 500 ## - NOTA GENERAL | |
| Nota general | Texto con correcciones. |
| 596 ## - NOTA AL PIE DE IMPRENTA | |
| NOTA AL PIE DE IMPRENTA | Posterior a 1886. |
| 610 14 - PUNTO DE ACCESO ADICIONAL DE MATERIA--NOMBRE DE ENTIDAD CORPORATIVA | |
| Nombre de entidad corporativa o nombre de jurisdicción como elemento de entrada | Cuerpo de Ingenieros de Minas- |
| Subdivisión de forma | Reglamentos. |
| 9 (RLIN) | 157285 |
| 710 2# - ENTRADA AGREGADA--NOMBRE DE ENTIDAD CORPORATIVA | |
| Nombre de entidad corporativa o nombre de jurisdicción como elemento de entrada | Cuerpo de Ingenieros de Minas. |
| 9 (RLIN) | 140786 |
| 852 ## - LOCALIZACIÓN | |
| Ubicación | ES-MaACL |
| Número de control de estantería | C-2192 |
| Nota libre | .- Legado de Federico de Botella y de Hornos |
| Estatus retirado | Estado de pérdida | Estado de daño | No para préstamo | Colección | Biblioteca de origen | Biblioteca actual | Ubicación en estantería | Fecha de adquisición | Fuente de adquisición | Total de préstamos | Signatura topográfica completa | Código de barras | Visto por última vez | Precio de reemplazo | Tipo de ítem Koha |
|---|---|---|---|---|---|---|---|---|---|---|---|---|---|---|---|
| Manuscritos | Biblioteca del Ateneo de Madrid | Biblioteca del Ateneo de Madrid | Sala Palomar | 19/06/2009 | C-2192 | 1180757 | 23/02/2023 | 23/02/2023 | Manuscrito |
